000 00444nam a22001817a 4500
003 MPLRDC
005 20220104142702.0
008 210129b ||||| |||| 00| 0 eng d
020 _a7-80605-198-8
082 _a857.9 LCY-103 v.2
100 _a柳残阳
245 _a江湖之狼. 下
_c
250 _a一版一刷
260 _a
_b太白文艺出版社
_c1995
300 _b
650 _a武侠小说
942 _cBK
_o857.9 LCY-103 v.2
999 _c32880
_d32870